| 000 | 00570nam a2200169 a 4500 | ||
|---|---|---|---|
| 005 | 20140310183344.0 | ||
| 008 | 070130s19uu xx 00 eng d | ||
| 020 | _a0-06-051533-3 | ||
| 050 |
_aPC 2640 _b.C687 2003 |
||
| 245 |
_aHarper Collins Robert French College dictionary : _bincludes thousands of contemporary technical, political, and business terms. |
||
| 250 | _a4th ed. | ||
| 260 |
_aNew York : _bHarper Collins Publisher, _c2003. |
||
| 300 |
_a1220 p. : _c23 cm. |
||
| 650 |
_aFrench language _xDictionaries _xEnglish. |
||
| 942 |
_cBK _2lcc |
||
| 999 |
_c21902 _d21902 |
||